The drawing handbook / (Record no. 115584)
[ view plain ]
| 000 -LEADER | |
|---|---|
| fixed length control field | 00569nam a2200193Ia 4500 |
| 008 - FIXED-LENGTH DATA ELEMENTS--GENERAL INFORMATION | |
| fixed length control field | 140429s9999 xx 000 0 und d |
| 020 ## - INTERNATIONAL STANDARD BOOK NUMBER | |
| International Standard Book Number | 9780486481562 |
| 050 ## - LIBRARY OF CONGRESS CALL NUMBER | |
| Classification number | NC 890 |
| Item number | .L598 2011 |
| 100 ## - MAIN ENTRY--PERSONAL NAME | |
| Personal name | Lohan, Frank J. |
| 245 #4 - TITLE STATEMENT | |
| Title | The drawing handbook / |
| Statement of responsibility, etc | Frank J. Lohan. |
| 260 ## - PUBLICATION, DISTRIBUTION, ETC. (IMPRINT) | |
| Place of publication, distribution, etc | New York : |
| Name of publisher, distributor, etc | Dover Pub. Inc., |
| Date of publication, distribution, etc | c2011. |
| 300 ## - PHYSICAL DESCRIPTION | |
| Extent | 212 p. : |
| Other physical details | ill. ; |
| Dimensions | 28 cm. |
| 500 ## - GENERAL NOTE | |
| General note | Includes bibliographical references and index. |
| 521 ## - TARGET AUDIENCE NOTE | |
| Target audience note | |
| 650 ## - SUBJECT ADDED ENTRY--TOPICAL TERM | |
| Topical term or geographic name as entry element | Pen Drawing |
| General subdivision | Technique. |
| 650 ## - SUBJECT ADDED ENTRY--TOPICAL TERM | |
| Topical term or geographic name as entry element | Pencil drawing |
| General subdivision | Technique. |
| 942 ## - ADDED ENTRY ELEMENTS (KOHA) | |
| Call number prefix | Foreign |
| Koha item type | Books |
| Withdrawn status | Lost status | Source of classification or shelving scheme | Damaged status | Home library | Current library | Shelving location | Date acquired | Source of acquisition | Total Checkouts | Total Renewals | Full call number | Barcode | Date last seen | Date checked out | Price effective from | Koha item type |
|---|---|---|---|---|---|---|---|---|---|---|---|---|---|---|---|---|
| Library of Congress Classification | College Library | College Library | General Circulation Section | 04/29/2014 | Library Fund | 3 | 6 | NC 890 .L598 2011 | C16908 | 01/11/2020 | 11/27/2019 | 04/29/2014 | Books |